Online Catalogue and eLibrary

Literary contributions (Record no. 3176)

MARC details
000 -LEADER
fixed length control field 00405nam a2200157Ia 4500
005 - DATE AND TIME OF LATEST TRANSACTION
control field 20241014015029.0
008 - FIXED-LENGTH DATA ELEMENTS--GENERAL INFORMATION
fixed length control field 240331s9999 xx 000 0 und d
020 ## - INTERNATIONAL STANDARD BOOK NUMBER
ISBN 9559504843
082 ## - DDC Classification
Item Number - Author Mark KAN
Class No. 820
100 ## - MAIN ENTRY--PERSONAL NAME
Personal name Kannangara, E.T
245 #0 - TITLE STATEMENT
Title Literary contributions
260 ## - PUBLICATION, DISTRIBUTION, ETC.
Place of publication, distribution, etc. Colombo
Name of publisher, distributor, etc. Journals in Sri Lanka and Foreign Countries
Date of publication, distribution, etc. 1994
300 ## - PHYSICAL DESCRIPTION
Extent (e.g. Volumes, Pages etc.) 61 p .,
500 ## - GENERAL NOTE
General note Short Stories
942 ## - Koha item type (Biblio)
Koha item type Books in Stacks (Lending)
Holdings
Lost status Damaged status Collection code Home library Current library Shelving location Date acquired Full call number Accession Number Item type
    Lending WERC Library WERC Library Social Science Cupboard 03/31/2024 820 KAN 3861 Books in Stacks (Lending)

© WERC Library